|
|
|
|
| LEADER |
00000naa2a2200000 4500 |
| 001 |
78800 |
| 005 |
20231031094048.0 |
| 035 |
|
|
|a (RuTPU)RU\TPU\book\84592
|
| 090 |
|
|
|a 78800
|
| 100 |
|
|
|a 20050701d2001 k y0rusy50 ca
|
| 101 |
0 |
|
|a rus
|
| 102 |
|
|
|a RU
|
| 200 |
1 |
|
|a Особенности технологии изготовления отливок из стали Гадфильда
|f С. П. Пырсикова
|
| 320 |
|
|
|a Библиогр.: 5 назв.
|
| 463 |
|
0 |
|0 (RuTPU)RU\TPU\book\31481
|t Труды XIV научной конференции, посвященной 300-летию инженерного образования в России, Юрга, 26-27 апреля 2001 г
|f ТПУ, Юргинский фил
|v С. 28-29.
|d 2001
|p 207 с.
|
| 610 |
1 |
|
|a отливки
|
| 610 |
1 |
|
|a сталь Гадфильда
|
| 610 |
1 |
|
|a изготовление
|
| 610 |
1 |
|
|a литейные формы
|
| 610 |
1 |
|
|a литьё
|
| 610 |
1 |
|
|a труды учёных ТПУ
|
| 700 |
|
1 |
|a Пырсикова
|b С. П.
|
| 801 |
|
1 |
|a RU
|b 63413507
|c 20050701
|g PSBO
|
| 801 |
|
2 |
|a RU
|b 63413507
|c 20090605
|g PSBO
|
| 942 |
|
|
|c BK
|